=LDR 00000nam 2200000 4500 =001 INLIS000000000030364 =005 20130612132521 =008 ***********************************Ind** =035 ##$$a0010-061300000030364 =041 ##$$a Ind =082 ##$$a 2X1.3 =090 ##$$a 2X2.3, Rif k =100 ##$$a Ar Rafa'i, Muhammad Nasib =245 ##$$a Kemudahan dari Allah, Ringkasan tafsir Ibnu Katsir, Muhammad Nasib Ar Rifa'i =260 ##$$a 1999 $b Jakarta =300 ##$$a ...Jilid, 22 cm =650 ##$$a Tafsir Ibnu Katsir =850 ##$$a NBPNMAT =990 ##$$a 21400613/BPAP-NTB/20142014